000 01206nam a2200325 i 4500
003 EG-GICUC
005 20260121101350.0
008 251127s1998 ua ||||fr|||| 00| 0 ara d
017 _a97/11889
020 _a977-04-2156-1
040 _a EG-GICUC
_bara
_c EG-GICUC
_d EG-GICUC
_erda
041 0 _aara
082 0 4 _221
_a345.3
_bص ب . و
092 0 4 _221
099 _aLaw1 07 345.3 ص ب . و 1998
100 0 _aصبرى محمد السنوسي محمد
_eمؤلف.
245 1 0 _aوسائل النشاط الإداري :
_b( الوظيفة العامة - الأموال العامة ) /
_cد. صبرى محمد السنوسي محمد.
264 1 _aالقاهرة :
_bدار النهضة العربية،
_c1998.
300 _a394 ؛صفحة
_c24 سم.
336 _2rda content
_atext
337 _2rda media
_aComputer
338 _2rda carrier
_aOnline Resource
504 _aيشتمل على إرجاعات ببليوجافية.
546 _aالنص باللغة العربية
650 1 4 _aالنشاط الإداري
650 1 4 _aالقانون الإداري
856 4 0 _uhttps://fll.law.cu.edu.eg/fulltext/bks/B07-01234.pdf
905 _a32
_eYara
942 _2ddc
_cBK
_e21
_n0
999 _c46384
_d46384